000 nam a22 7a 4500
999 _c126625
_d126625
008 170810b xxu||||| |||| 00| 0 eng d
050 _aSPCH3.G493
100 _aGinev, Herausgegeben von Dimitri
_934694
245 _aAspekte der phanomenologischen Theorie der Wissenschaft
_cHerausgegeben von Dimitri Ginev
260 _aGermany
_bKonigshausen and Neumann
_c2008
300 _a222p. ;
_c24cm.
500 _aHeelan, Patrick A. The authority of science: a post-modern crisis n.193-207
650 _aPhenomenology
_934695
650 _aScience
_xPhilosophy
_934696
942 _2lcc
_cMONOGRAPH